| 000 | 00556nam a2200157Ia 4500 | ||
|---|---|---|---|
| 008 | 210716s2004 xx 000 0 und d | ||
| 020 | _a1591391857 | ||
| 041 | _aeng | ||
| 082 | _a658.406 CHRC | ||
| 100 | _aChristensen, Clayton M; Anthony, Scott D; Roth, Erik A. | ||
| 245 |
_aSeeing whats next: using the theories of innovation to predict industry change. _busing the theories of innovation to predict industry change. |
||
| 250 | _a1 | ||
| 260 |
_aBoston _bHarvard Business School Press _c2004 |
||
| 300 | _axxxix, 310 | ||
| 650 | _aGeneral Management | ||
| 999 |
_c206367 _d206367 |
||